Engineering economy (Record no. 1549)

000 -LEADER
fixed length control field 00674nam a22002294a 4500
001 - CONTROL NUMBER
control field 1549
003 - CONTROL NUMBER IDENTIFIER
control field BD-DhUET
008 - FIXED-LENGTH DATA ELEMENTS--GENERAL INFORMATION
fixed length control field 000424s2001 njua b 001 0 eng
020 ## - INTERNATIONAL STANDARD BOOK NUMBER
International Standard Book Number 013028128X
040 ## - CATALOGING SOURCE
Original cataloging agency DLC
Transcribing agency DLC
Modifying agency BD-DhUET
082 00 - DEWEY DECIMAL CLASSIFICATION NUMBER
Classification number 620.02
Item number THU/2001
100 ## - MAIN ENTRY--PERSONAL NAME
Personal name Thuesen, G. J.
245 10 - TITLE STATEMENT
Title Engineering economy
Statement of responsibility, etc. by G.J. Thuesen and W.J. Fabrycky
250 ## - EDITION STATEMENT
Edition statement 9th ed.
260 ## - PUBLICATION, DISTRIBUTION, ETC. (IMPRINT)
Place of publication, distribution, etc. New Jersy
Name of publisher, distributor, etc. Prentice Hall
Date of publication, distribution, etc. 2001
300 ## - PHYSICAL DESCRIPTION
Extent xiv, 637 p.
Other physical details ill.
Dimensions 25 cm.
490 ## - SERIES STATEMENT
Series statement Prentice hall international series in industrial and sytems engineering
504 ## - BIBLIOGRAPHY, ETC. NOTE
Bibliography, etc Includes bibliographies
650 #0 - SUBJECT ADDED ENTRY--TOPICAL TERM
Topical term or geographic name as entry element Engineering economy
700 1# - ADDED ENTRY--PERSONAL NAME
Personal name Fabrycky, W. J.
942 ## - ADDED ENTRY ELEMENTS (KOHA)
Koha item type General Book
Holdings
Date acquired Koha item type Price effective from Source of classification or shelving scheme Koha normalized classification for sorting Damaged status Location (home branch) Piece designation (barcode) Copy number Lost status Koha date last borrowed Withdrawn status Not for loan Koha issues (times borrowed) Koha full call number Shelving location Koha date last seen Sublocation or collection (holding branch)
2014-09-08General Book2014-09-08 620_000000000000000_02THU2001 Central Library, BUET1025961     620.02/THU/2001Circulation section2014-09-08Central Library, BUET
2014-09-08General Book2014-09-08 620_000000000000000_02THU2001 Central Library, BUET1025942     620.02/THU/2001Circulation section2014-09-08Central Library, BUET
2014-09-08General Book2014-09-08 620_000000000000000_02THU2001 Central Library, BUET1025903 2021-11-29  1620.02/THU/2001Circulation section2021-12-20Central Library, BUET
2014-09-08General Book2014-09-08 620_000000000000000_02THU2001 Central Library, BUET1025954     620.02/THU/2001Circulation section2014-09-08Central Library, BUET
2014-09-08General Book2014-09-08 620_000000000000000_02THU2001 Central Library, BUET1025895     620.02/THU/2001Circulation section2014-09-08Central Library, BUET
2014-09-08General Book2014-09-08 620_000000000000000_02THU2001 Central Library, BUET1025886     620.02/THU/2001Circulation section2014-09-08Central Library, BUET
2014-09-08General Book2014-09-08 620_000000000000000_02THU2001 Central Library, BUET1025928 2022-03-21  2620.02/THU/2001Circulation section2022-04-16Central Library, BUET
2014-09-08General Book2014-09-08 620_000000000000000_02THU2001 Central Library, BUET1025919     620.02/THU/2001Circulation section2014-09-08Central Library, BUET
2014-09-15General Book2014-09-15 620_000000000000000_02THU2001 Central Library, BUET10259310     620.02/THU/2001Circulation section2014-09-15Central Library, BUET
2014-09-27General Book2014-09-27 620_000000000000000_02THU2001 Central Library, BUET10187711 2021-12-04  3620.02/THU/2001Circulation section2021-12-20Central Library, BUET
2014-10-19General Book2014-10-19 620_000000000000000_02THU2001 Central Library, BUET11283812     620.02/THU/2001Circulation section2014-10-19Central Library, BUET
2014-11-23General Book2014-11-23 620_020000000000000_THU_2001 Central Library, BUET10187813     620.02/THU/2001Circulation section2014-11-23Central Library, BUET